La idea de Nación en el Facundo (Registro nro. 17732)
[ vista simple ]
| 000 -LEADER | |
|---|---|
| fixed length control field | 00308 a2200109 4500 |
| 001 - CONTROL NUMBER | |
| control field | ART_49992 |
| 005 - DATE AND TIME OF LATEST TRANSACTION | |
| control field | 20260410161730.0 |
| 008 - FIXED-LENGTH DATA ELEMENTS--GENERAL INFORMATION | |
| fixed length control field | 260409a |
| 100 1# - MAIN ENTRY--PERSONAL NAME | |
| Personal name | D'Auria, Aníbal |
| 245 10 - TITLE STATEMENT | |
| Title | La idea de Nación en el Facundo |
| 773 0# - HOST ITEM ENTRY | |
| Title | Lecciones y ensayos |
| Related parts | - Nº 86 (ene. 2009) |
| Record control number | REV2658 |
No hay ítems disponibles.